BIG 2023 list of one syllable boys names - Statistics

General Stats
  • This quiz has been taken 1,445 times
  • The average score is 122 of 300
Answer Stats
Hint Answer % Correct
J John
94%
J Jon
94%
J Jack
93%
A Al
92%
D Den
90%
B Ben
89%
J Joe
89%
D Dan
88%
T Tom
88%
T Tim
87%
W Will
87%
M Mick
86%
S Sam
86%
P Paul
85%
F Fran
84%
K Ken
84%
R Ron
84%
D Don
83%
R Rob
83%
B Bob
82%
E Ed
82%
M Mark/Marc
82%
B Bill
81%
F Fred
80%
S Sean
80%
D Dave
79%
F Frank
79%
L Len
79%
P Pete
79%
J Jim
78%
L Luke
78%
M Matt
78%
M Mike
78%
C Chris
77%
N Nick
77%
R Rick
76%
S Steve
75%
J Jake
74%
R Ray
74%
L Lee
73%
J Jay
72%
P Phil
72%
D Dean
71%
G Greg
71%
N Nat
71%
J Josh
70%
P Pat
70%
A Art
67%
R Roy
67%
J James
66%
L Lou
66%
M Max
66%
R Rich
66%
K Karl
65%
C Cal
64%
C Carl
64%
M Moe/Mo
64%
A Abe
63%
B Brad
63%
F Finn
63%
T Ty
63%
V Vic
63%
G George
62%
J Jeff
62%
N Nate
62%
J Jude
61%
K Kai
61%
Q Quinn
61%
C Chad
60%
W Walt
60%
Z Zach
60%
B Bear
59%
C Cole
59%
D Drew
59%
T Ted
59%
H Hank
58%
C Cam
57%
E El
57%
V Van
57%
W Wes
57%
A Ash
56%
D Dick
56%
R Rod
56%
V Vince
56%
M Mac
55%
S Stan
54%
B Beau
53%
H Hugh
53%
N Noel
53%
W Wayne
53%
J Joel
52%
K Kev
52%
N Neil
52%
Z Zane
52%
B Blake
51%
B Bret/Brett
51%
G Gray/Grey
51%
J Jess
51%
S Scott
51%
T Trey
51%
T Troy
51%
G Grant
50%
R Ross
50%
B Bert
49%
C Chase
49%
J Jax
49%
J Juan
49%
S Shane
49%
Z Zack
49%
H Hal
48%
S Seth
48%
A Ace
47%
C Craig
47%
D Doug
47%
I Ian
46%
N Ned
46%
B Bart
45%
B Brent
45%
G Gabe
45%
J Jace
45%
J Jean
45%
K Keith
45%
M Mitch
45%
T Todd
45%
W Wade
45%
C Chuck
44%
K Kent
44%
D Dane
43%
E Earl
43%
G Glen/Glenn
43%
I Ike
43%
R Ren
43%
R Russ
43%
S Saul
43%
D Drake
42%
L Lance
42%
R Ralph
42%
R Red
42%
B Bruce
41%
C Colt
41%
K Kim
41%
L Les
41%
R Rex
41%
C Clark
40%
C Clay
40%
F Flynn
40%
T Trent
40%
C Curt
39%
J Job
39%
K Kurt
39%
S Stu
39%
B Bryce/Brice
38%
C Charles
38%
L Lex
38%
S Sal
38%
C Cash
37%
C Clint
37%
M Mart
37%
R Reid/Reed
37%
C Cade
35%
G Guy
35%
R Reese
35%
S Sid
35%
V Vance
35%
Z Zeke
35%
G Gene
34%
G Gus
34%
J Jules
34%
C Cain
33%
K Kirk
33%
L Lloyd
33%
L Lon
33%
A Alf
32%
C Cliff
32%
D Dom
32%
N Nash
32%
N Norm
32%
B Blaine
31%
B Brock
31%
J Jett
31%
B Burt
30%
C Chance
30%
G Graham
30%
M Marv
30%
R Rhett
30%
T Tate
30%
T Tay
30%
C Chet
29%
D Duke
29%
F Floyd
29%
K Kane
29%
R Rock
28%
D Dirk
27%
T Tad
27%
W West
27%
C Clyde
26%
F Ford
26%
H Herb
26%
P Pax
26%
R Reg
26%
B Blair
25%
B Bud
25%
D Dwayne
25%
H Hans
25%
L Lars
25%
P Park
25%
D Dwight
24%
G Gage
24%
M Mort
24%
R Rhys
24%
B Brooks
23%
G Geoff
23%
J Judd
23%
H Heath
22%
K Kip
22%
S Sky
22%
S Sol
22%
C Claude
21%
C Clive
21%
D Dash
21%
F Fox
21%
G Garth
21%
P Pierce
21%
B Buck
20%
L Lev
20%
C Chip
19%
C Cruz
19%
R Rafe
19%
V Vaughn
19%
B Boyd
18%
H Hayes
18%
J Jacques
18%
M Merv
18%
M Milt
17%
R Rye
17%
T Trace
17%
Z Zeb
17%
J Jazz
16%
T Tripp
16%
H Hart
15%
W Whit
15%
W Wolf
15%
B Biff
14%
F Franz
14%
Q Quince
14%
T Tag
14%
C Chaz
13%
C Clem
13%
F Flint
13%
F Fritz
13%
M Mitt
13%
R Rodge
13%
S Smith
13%
Y Yves/Ives
13%
C Cord
12%
L Linc
12%
R Raj
12%
S Spike
12%
Y Yul
12%
C Cort
11%
D Dack
11%
H Holt
11%
H Hud
11%
L Lorne
11%
M Mose
11%
S Stone
11%
S Storm
11%
V Vlad
11%
B Burke
10%
B Butch
10%
E Ernst
10%
L Leif
10%
O Ox
10%
R Ridge
10%
R Rolf
10%
B Briggs
9%
C Colm
9%
S Skip
9%
H Hes
8%
L Lear
8%
M Murph
8%
T Taj
8%
T Teague
8%
W Wick/Wyck
8%
W Wink
8%
B Barnes
7%
B Buzz
7%
C Chick
7%
G Gleb
7%
K Klaus
7%
M Moose
7%
B Bjorn
6%
B Brit
6%
H Hyde
6%
D Dag
5%
H Hawk
5%
S Speck
5%
J Jann
4%
S Slate
4%
No matching quizzes found
Score Distribution
Percent of People with Each Score
Percentile by Number Answered
Your Score History
You have not taken this quiz